005230000a22001330004500090001700000245011600017246012700133041001300260700002600273100002500299942001300324773003500337999001700372 aASbSeriadas10aNew subspecies of Apolinar's wren (Cistothorus apolinari, aves: Troglodytidae), an endangered colombian endemic3 aNueva subespecie de soterrey de Apolinar (Cistothorus apolinari, aves: Troglodytidae), un endemismo colombiano en peligro0 aInglés1 aCaycedo, Paula9996191 aStiles, F. Gary9877 cARTICULO1 tCaldasiah1q191-199d2002g24 c15390d15390